Statistiche per Paesi più vicini al Malawi

Clicka qui per fare il quiz!

Statistiche generali

  • Questo quiz è stato fatto 28 volte
  • Il punteggio medio è 18 su 20

Statistiche sulle risposte

kmpaese% Corretto
936Angola
100%
0Mozambico
100%
707Sudafrica
100%
0Tanzania
100%
795Kenya
96%
1433Lesotho
96%
879Madagascar
96%
292Rep Dem Congo
96%
1028Swaziland
96%
0Zambia
96%
162Zimbabwe
96%
820Botswana
92%
919Namibia
92%
652Burundi
88%
815Ruanda
88%
859Comoros
84%
1232Somalia
84%
942Uganda
84%
1551Etiopia
72%
1434Sud Sudan
72%

Distribuzione punteggi

Percentile per numero di risposta

Percentuale di utenti per punteggio

I tuoi punteggi nel tempo

Non hai fatto questo quiz